The lead ladder : (Record no. 5894)

MARC details
000 -LEADER
fixed length control field 00576 a2200181 4500
010 ## - LCCN (DPL NO)
LC control number ENG-87063
020 ## - INTERNATIONAL STANDARD BOOK NUMBER
International Standard Book Number 0070659575
Terms of availability 199.00
035 ## - SYSTEM CONTROL NUMBER
System control number EN-70596
037 ## - SOURCE OF ACQUISITION
Source of stock number/acquisition DBAD / PUB
082 14 - DEWEY DECIMAL CLASSIFICATION NUMBER
Classification number 658.85
100 ## - MAIN ENTRY--PERSONAL NAME
Personal name Schaller, Marcus
245 1# - TITLE STATEMENT
Title The lead ladder :
Statement of responsibility, etc by Marcus Schaller
Remainder of title turn strangers into clients, one step at a time /
260 ## - PUBLICATION, DISTRIBUTION, ETC. (IMPRINT)
Place of publication, distribution, etc New Delhi
Name of publisher, distributor, etc Tata McGraw-Hill Publishing
Date of publication, distribution, etc 2007
270 ## - ADDRESS
Address 7, West Patel Nagar
City New Delhi
Postal code 110 008
300 ## - PHYSICAL DESCRIPTION
Extent x, 117p.
Dimensions 21cm (pbk)
500 ## - GENERAL NOTE
General note Includes index
942 ## - ADDED ENTRY ELEMENTS (KOHA)
Institution code [OBSOLETE] dpl
Item type English Books
Source of classification or shelving scheme Dewey Decimal Classification
Classification part 658.85
Call number suffix SCH
Holdings
Withdrawn status Lost status Not for loan Collection code Home library Current library Source of acquisition Cost, normal purchase price Full call number Barcode Copy number Cost, replacement price Koha item type
    Not For Loan Non-fiction D.B.Act.Division D.B.Act.Division DBAD/PUB 199.00 658.85 SCH EN-70596 1 199.00 English Books

© Delhi Public Library
Hit Counter
free hit counter